call of duty zombies der eisendrache - Statistics

General Stats
  • This quiz has been taken 58 times
  • The average score is 7 of 11
Answer Stats
Hint Answer % Correct
boss panzer
84%
perk speed cola
84%
perk quick revive
82%
perk doubletap
80%
perk juggernog
80%
perk stamin up
76%
perk mule kick
71%
what does der eisendrache mean the iron dragon
55%
enemy keeper
43%
enemy skeletons
16%
zombie type electric zombie
8%
No matching quizzes found
Score Distribution
Percent of People with Each Score
Percentile by Number Answered
Your Score History
You have not taken this quiz